<?xml version="1.0" encoding="UTF-8"?>
<record
    xmlns:xsi="http://www.w3.org/2001/XMLSchema-instance"
    xsi:schemaLocation="http://www.loc.gov/MARC21/slim http://www.loc.gov/standards/marcxml/schema/MARC21slim.xsd"
    xmlns="http://www.loc.gov/MARC21/slim">

  <leader>02740cam a2200313 a 4500</leader>
  <datafield tag="999" ind1=" " ind2=" ">
    <subfield code="c">7264</subfield>
    <subfield code="d">7264</subfield>
  </datafield>
  <controlfield tag="001">29952136</controlfield>
  <controlfield tag="003">OCoLC</controlfield>
  <controlfield tag="005">20190205105258.0</controlfield>
  <controlfield tag="008">940217s1994    nyua     b    001 0 eng  </controlfield>
  <datafield tag="010" ind1=" " ind2=" ">
    <subfield code="a">94004815</subfield>
  </datafield>
  <datafield tag="020" ind1=" " ind2=" ">
    <subfield code="a">0679754938</subfield>
  </datafield>
  <datafield tag="020" ind1=" " ind2=" ">
    <subfield code="a">9780679754930</subfield>
  </datafield>
  <datafield tag="040" ind1=" " ind2=" ">
    <subfield code="a">DLC</subfield>
    <subfield code="b">eng</subfield>
    <subfield code="c">DLC</subfield>
    <subfield code="d">BAKER</subfield>
    <subfield code="d">BTCTA</subfield>
    <subfield code="d">YDXCP</subfield>
    <subfield code="d">IHD</subfield>
    <subfield code="d">HALCL</subfield>
    <subfield code="d">DEBBG</subfield>
    <subfield code="d">UPP</subfield>
    <subfield code="d">BDX</subfield>
    <subfield code="d">OCLCF</subfield>
  </datafield>
  <datafield tag="050" ind1="0" ind2="0">
    <subfield code="a">HD58.8</subfield>
    <subfield code="b">.P483 1994</subfield>
  </datafield>
  <datafield tag="082" ind1=" " ind2=" ">
    <subfield code="a">658.4</subfield>
    <subfield code="b">P481T</subfield>
  </datafield>
  <datafield tag="100" ind1="1" ind2=" ">
    <subfield code="a">Peters, Thomas J.</subfield>
  </datafield>
  <datafield tag="245" ind1="1" ind2="4">
    <subfield code="a">The Tom Peters seminar :</subfield>
    <subfield code="b">crazy times call for crazy organizations /</subfield>
    <subfield code="c">by Tom Peters.</subfield>
  </datafield>
  <datafield tag="250" ind1=" " ind2=" ">
    <subfield code="a">Vintage original, 1st ed.</subfield>
  </datafield>
  <datafield tag="260" ind1=" " ind2=" ">
    <subfield code="a">New York :</subfield>
    <subfield code="b">Vintage Books,</subfield>
    <subfield code="c">c1994.</subfield>
  </datafield>
  <datafield tag="300" ind1=" " ind2=" ">
    <subfield code="a">xv, 320 p. :</subfield>
    <subfield code="b">ill. ;</subfield>
    <subfield code="c">21 cm.</subfield>
  </datafield>
  <datafield tag="500" ind1=" " ind2=" ">
    <subfield code="a">Includes bibliographical references (p. 293-308) and index.</subfield>
  </datafield>
  <datafield tag="505" ind1="0" ind2=" ">
    <subfield code="a">Ch. 1. Beyond Change: Toward the Abandonment of Everything -- Ch. 2. Beyond Decentralization: Disorganizing to Unleash Imagination -- Ch. 3. Beyond Empowerment: Turning Every Job into a Business -- Ch. 4. Beyond Loyalty: Learning to Think Like an Independent Contractor -- Ch. 5. Beyond Disintegration: The Corporation as Rolodex -- Ch. 6. Beyond Reengineering: Creating a Corporate Talk Show -- Ch. 7. Beyond Learning: Creating the Curious Corporation -- Ch. 8. Beyond TQM: Toward Wow! -- Ch. 9. Beyond Change (Redux): Toward Perpetual Revolution.</subfield>
  </datafield>
  <datafield tag="520" ind1="1" ind2=" ">
    <subfield code="a">"Tom Peters has for twelve years been telling business that the rules have changed. Now he goes farther in The Tom Peters Seminar, the first in an exciting new series of original paperback books aimed at helping everyone--Fortune 500 chairmen, middle managers trying to hold on to their place on the ladder (a mistake!), and hotel housekeepers--thrive in the brave new world of business. He presents the provocative and sometimes scary analysis and advice that have led thousands from all over the globe to spend up to $1,500 a day to attend his trademark seminars." "These bold ideas vault business people beyond reengineering, beyond total quality management, beyond empowerment, even beyond change--toward reinvention and revolution. The result, organized around nine such "beyonds," is a timely, graphically exciting volume, loaded with "how tos."" "In presenting a radical new view of how business can work, Peters offers the following challenge: "If you're not irate in the first thirty minutes of reading, if you don't throw this book down at least once in the first hour, and if you don't reach for the Maalox by the two-hour mark, then I and this book will have utterly failed you.""--BOOK JACKET.</subfield>
  </datafield>
  <datafield tag="650" ind1=" " ind2="0">
    <subfield code="a">Organizational change.</subfield>
  </datafield>
  <datafield tag="650" ind1=" " ind2="0">
    <subfield code="a">Management.</subfield>
  </datafield>
  <datafield tag="650" ind1="1" ind2="2">
    <subfield code="a">Organizational Innovation.</subfield>
  </datafield>
  <datafield tag="650" ind1="2" ind2="2">
    <subfield code="a">Organizations</subfield>
    <subfield code="x">organization &amp; administration.</subfield>
  </datafield>
  <datafield tag="942" ind1=" " ind2=" ">
    <subfield code="2">ddc</subfield>
    <subfield code="c">BK</subfield>
  </datafield>
  <datafield tag="952" ind1=" " ind2=" ">
    <subfield code="0">0</subfield>
    <subfield code="1">0</subfield>
    <subfield code="2">ddc</subfield>
    <subfield code="4">0</subfield>
    <subfield code="7">0</subfield>
    <subfield code="8">NFIC</subfield>
    <subfield code="a">HMC</subfield>
    <subfield code="b">HMC</subfield>
    <subfield code="c">GEN</subfield>
    <subfield code="d">2019-02-05</subfield>
    <subfield code="g">1650.00</subfield>
    <subfield code="l">0</subfield>
    <subfield code="o">658.4 P481T</subfield>
    <subfield code="p">008256</subfield>
    <subfield code="r">2019-02-05 00:00:00</subfield>
    <subfield code="w">2019-02-05</subfield>
    <subfield code="y">BK</subfield>
  </datafield>
</record>
